Nepřehlédnutelný perfekcionista

Hiroshi Okuda a jeho pôsobenie v najväčšej japonskej automobilke Toyota Motor Corporation. Uvedenie na trh sedanu Prius s elektrobenzínovým pohonom. Povestná východoázijská disciplína a výrobný systém TPS - Toyota production system. Jidoka, výroba just-in-time a kaizen ako piliere výrobného systému...

Descrizione completa

Salvato in:
Dettagli Bibliografici
Autore principale: Vlková, Jitka
Natura: Capitolo di libro
Lingua:ceco
Soggetti:
Tags: Aggiungi Tag
Nessun Tag, puoi essere il primo ad aggiungerne!!

MARC

LEADER 00000naa$a2200000$$$4500
001 0040542
005 20231016105257.1
041 0 |a cze 
044 |a CZ 
245 1 0 |a Nepřehlédnutelný perfekcionista  |c Jitka Vlková 
520 |a Hiroshi Okuda a jeho pôsobenie v najväčšej japonskej automobilke Toyota Motor Corporation. Uvedenie na trh sedanu Prius s elektrobenzínovým pohonom. Povestná východoázijská disciplína a výrobný systém TPS - Toyota production system. Jidoka, výroba just-in-time a kaizen ako piliere výrobného systému TPS. 
610 2 0 |a podnikanie 
610 2 0 |a manažéri 
610 2 0 |a firmy 
610 2 0 |a priemysel automobilový 
610 2 0 |a metódy riadenia 
610 2 0 |a výroba 
610 2 0 |a disciplína pracovná 
610 2 0 |a Japonsko 
610 2 0 |a Toyota Motor Corporation 
100 1 |a Vlková, Jitka